Facts Starting With H - Statistics

General Stats
  • This quiz has been taken 32 times
  • The average score is 12 of 15
Answer Stats
Hint Answer % Correct
The Oldest University in USA ? Harvard
97%
The ventricles make up part of which organ ? Heart
93%
Ophelia and Polonius ae characters in which Shakespeare play ? Hamlet
90%
On Twitter what is the # known as ? Hashtag
90%
Capital of Cuba ? Havana
90%
Baby Doc Duvalier ruled which Caribbean nation ? Haiti
86%
Chemical element with atomic number 2 ? Helium
83%
Goulash originates from which country ? Hungary
83%
What is the S.I. Unit of frequency ? Hertz
79%
Before 1947 what was known as Boulder Dam ? Hoover Dam
79%
10,000 square metres ? Hectare
72%
What is the pilgrimage to Mecca undertaken by Muslims ? Hajj
69%
2 dimensional shape with 7 sides ? Heptagon
69%
Greek equivalent of Roman god Mercury ? Hermes
52%
Damian Lewis played Marine Nicholas Brody in which US series ? Homeland
21%
No matching quizzes found
Score Distribution
Percent of People with Each Score
Percentile by Number Answered
Your Score History
You have not taken this quiz